000 00608nam a2200229Ia 4500
003 OSt
005 20220924124006.0
006 a|||||r|||| 00| 0
007 ta
008 220923b |||||||| |||| 00| 0 urd d
024 _a313346
037 _cTextual
040 _aARTS
_cARTS
_burd
041 _2urd
_aurd
082 _aO168,1M87:g, K7
100 _aMalik Ram
_9100637
245 0 _aAfkar-e-Mehroom
260 _aNew Delhi
_b Mehroom Memorial Comety India
_c1967
650 _aURDU POETRY
942 _hO168,1M87:g, K7
_cTEXL
_2CC
999 _c417978
_d417978